| 000 | 01436cam a22002414a 4500 | ||
|---|---|---|---|
| 005 | 20250605163926.0 | ||
| 008 | 250528s ||||||||||||||||||||||||d | ||
| 035 | _a14553 | ||
| 020 | _a155002872 | ||
| 040 |
_aGR-AtMCL _bgre _dGR-AtMCL _eAACR2 |
||
| 245 | 1 | _aIntroduction to Psychology / Eleventh Edition | |
| 250 | _a11th | ||
| 260 |
_bHarcourt Brace College Publishers, _c1993 |
||
| 300 | _a910 | ||
| 520 | _aThis book seeks to convey the excitement of psychology as an intellectual human enterprise. Psychology as a Scientific and Human Endeavor, Nature of Psychology, Biological and Developmental Processes, Biological Basis of Psychology, Psychological Development, Consciousness and Perception, Sensory Processes, Perception, Consciousness and Its Altered States, Learning and Remembering and Thinking, Learning and Conditioning, Memory, Thought and Language, Motivation and Emotion, Basic Motives, Emotion, Personality and Individuality, Assessment of Mental Abilities, Personality Through the Life Course, Personality Theory and Assessment, Stress and Psychopathology and Therapy, Stress and Coping, Abnormal Psychology, Methods of Therapy, Social Behavior, Social Beliefs and Attitudes, Social Interaction and Influence. | ||
| 700 | 1 |
_aAtkinson Richard C. _9261 |
|
| 700 | 1 |
_aAtkinson Rita L. _9262 |
|
| 700 | 1 |
_aBem Daryl J. _9263 |
|
| 700 | 1 |
_aSmith Edward E _9264 |
|
| 942 | _cBK | ||
| 999 |
_c177 _d177 |
||